[Event "Nicolo La Rosa op 15th"]
[Site "Mazara del Vallo"]
[Date "2007.08.12"]
[Round "5"]
[White "Melia, Lorenzo"]
[Black "Sgarito, Lino"]
[Result "0-1"]
[WhiteElo "1736"]
[BlackElo "1464"]
[PlyCount "82"]
[EventDate "2007.08.10"]
[EventType "swiss"]
[EventRounds "6"]
[EventCountry "ITA"]
[SourceTitle "EXT 2011"]
[Source "ChessBase"]
[SourceDate "2010.11.26"]
[SourceVersion "1"]
[SourceVersionDate "2010.11.26"]
[SourceQuality "1"]

1. e4 d6 2. d4 g6 3. Nc3 Bg7 4. Be3 Qd7 5. Bb5 c6 6. Be2 e5 7. d5 Nf6 8. Qd2 0-0 9. dxc6 bxc6 10. 0-0-0 Rd8 11. h4 h5 12. Bh6 Ng4 13. Bxg7 Kxg7 14. Nh3 Ba6 15. f3 Nf6 16. Nf2 Bxe2 17. Qxe2 d5 18. exd5 cxd5 19. g4 Nc6 20. g5 Ne8 21. Nxd5 Qf5 22. Qe4 Nd6 23. Qxf5 Nxf5 24. Nf6 Ncd4 25. Rd3 Ne2+ 26. Kd2 Rxd3+ 27. Nxd3 Ned4 28. Nxe5 Rd8 29. Kc1 Ne2+ 30. Kb1 Neg3 31. Re1 Nxh4 32. Nc6 Rd2 33. c4 Nxf3 34. Re3 Nxg5 35. Rxg3 Kxf6 36. Nxa7 Ne6 37. b4 Rd4 38. Re3 h4 39. a3 h3 40. Re1 h2 41. c5 Rg4 0-1

[Event "Nicolo La Rosa op 15th"]
[Site "Mazara del Vallo"]
[Date "2007.08.11"]
[Round "3"]
[White "La Bella, Alessio"]
[Black "Melia, Lorenzo"]
[Result "0-1"]
[WhiteElo "1452"]
[BlackElo "1736"]
[PlyCount "100"]
[EventDate "2007.08.10"]
[EventType "swiss"]
[EventRounds "6"]
[EventCountry "ITA"]
[SourceTitle "EXT 2011"]
[Source "ChessBase"]
[SourceDate "2010.11.26"]
[SourceVersion "1"]
[SourceVersionDate "2010.11.26"]
[SourceQuality "1"]

1. e4 c5 2. d3 g6 3. Nf3 Bg7 4. c3 e6 5. g3 Ne7 6. Bg2 0-0 7. 0-0 Nbc6 8. d4 cxd4 9. cxd4 d6 10. Re1 Re8 11. Nc3 a6 12. d5 exd5 13. exd5 Ne5 14. Bf4 Nc4 15. Bf1 Nb6 16. a4 Bxc3 17. bxc3 Nbxd5 18. Bh6 Nf5 19. Qxd5 Nxh6 20. Ng5 Rf8 21. Bc4 Bf5 22. h4 Qc7 23. f3 Rac8 24. Ba2 Qc5+ 25. Qxc5 Rxc5 26. g4 Bd3 27. Re3 Bc4 28. Ne4 Rc7 29. Bxc4 Rxc4 30. Nxd6 Rc7 31. Rb1 f5 32. gxf5 Nxf5 33. Nxf5 Rxf5 34. Rbe1 Rc4 35. Re8+ Kg7 36. R1e7+ Rf7 37. Rxf7+ Kxf7 38. Rb8 Rxa4 39. Rxb7+ Kg8 40. Rb4 Ra3 41. c4 Rxf3 42. c5 Rc3 43. Rb8+ Kg7 44. Rb7+ Kh6 45. Rc7 a5 46. c6 a4 47. Ra7 a3 48. c7 a2 49. c8Q a1Q+ 50. Kf2 Qb2+ 0-1

[Event "Nicolo La Rosa op 15th"]
[Site "Mazara del Vallo"]
[Date "2007.08.11"]
[Round "4"]
[White "Melia, Lorenzo"]
[Black "Roberti, Ignazio"]
[Result "0-1"]
[WhiteElo "1736"]
[BlackElo "1960"]
[PlyCount "40"]
[EventDate "2007.08.10"]
[EventType "swiss"]
[EventRounds "6"]
[EventCountry "ITA"]
[SourceTitle "EXT 2011"]
[Source "ChessBase"]
[SourceDate "2010.11.26"]
[SourceVersion "1"]
[SourceVersionDate "2010.11.26"]
[SourceQuality "1"]

1. e4 c5 2. Nf3 Nf6 3. Nc3 d5 4. Bb5+ Bd7 5. d3 Bxb5 6. Nxb5 Qa5+ 7. Nc3 d4 8. Bd2 dxc3 9. Bxc3 Qb6 10. Qd2 Nc6 11. 0-0-0 0-0-0 12. Ng5 Rg8 13. Nxf7 Nxe4 14. Qe3 Nxc3 15. Qe6+ Rd7 16. bxc3 g6 17. Ng5 Rh8 18. Nf7 Bg7 19. Kd2 Bxc3+ 20. Ke2 Nd4+ 0-1

[Event "Nicolo La Rosa op 14th"]
[Site "Mazara del Vallo"]
[Date "2006.08.13"]
[Round "6"]
[White "Serio, Danilo"]
[Black "Melia, Lorenzo"]
[Result "1-0"]
[WhiteElo "1940"]
[BlackElo "1727"]
[PlyCount "43"]
[EventDate "2006.08.11"]
[EventType "swiss"]
[EventRounds "6"]
[EventCountry "ITA"]
[SourceTitle "EXT 2011"]
[Source "ChessBase"]
[SourceDate "2010.11.26"]
[SourceVersion "1"]
[SourceVersionDate "2010.11.26"]
[SourceQuality "1"]

1. f4 d5 2. Nf3 Nf6 3. g3 g6 4. Bg2 Bg7 5. d3 0-0 6. 0-0 c5 7. Qe1 Nc6 8. e4 dxe4 9. dxe4 e5 10. fxe5 Ng4 11. Nc3 Ngxe5 12. Nxe5 Qd4+ 13. Be3 Qxe5 14. Qf2 Nd4 15. Bf4 Qe8 16. Nd5 Ne6 17. Bh6 Bd4 18. Be3 Bxe3 19. Qxe3 Qd8 20. Qh6 f6 21. Rad1 Bd7 22. Nxf6+ 1-0